Economic Simulations in Swarm : Agent-Based Modelling and Object Oriented Programming /

Gespeichert in:
Bibliographische Detailangaben
Weitere Verfasser: Luna, Francesco (Zusammenstellung), Stefansson, Benedikt (Zusammenstellung)
Format: Buch
Sprache:Englisch
Veröffentlicht: Boston : Kluwer Academic Publishers, 2000
Schlagworte:
Tags: Tag hinzufügen
Keine Tags, Fügen Sie das erste Tag hinzu!

MARC

LEADER 00000nam a22000003a 4500
001 stu125381
005 20150617225903.9
008 060904s2000----xxu-----------------eng-d
020 |a 0-7923-8665-5 
040 |a STU  |b slo 
041 0 |a eng 
044 |a xxu 
080 |a 004.414.25  |7 stu_us_auth*stu167 
080 |a 004.942  |7 stu_us_auth*stu712 
100 1 |a Luna, Francesco  |4 com 
245 1 |a Economic Simulations in Swarm :  |b Agent-Based Modelling and Object Oriented Programming /  |c Edit.: Luna F., Stefansson, B. 
260 |a Boston :  |b Kluwer Academic Publishers,  |c 2000 
300 |a 290 s 
650 7 |a matematické modely  |2 stusub 
650 7 |a počítačová simulácia  |2 stusub 
700 1 |a Stefansson, Benedikt  |4 com 
996 |b 284EK86380  |c R*86380  |l RRUM  |s A  |a 24  |w stu125381_0001